| 000 | 00377nam a22001457a 4500 | ||
|---|---|---|---|
| 999 |
_c5812 _d5812 |
||
| 005 | 20251114153338.0 | ||
| 008 | 251114b ||||| |||| 00| 0 eng d | ||
| 040 | _cKH8 | ||
| 082 | _a495.76 KOR | ||
| 100 |
_aCHILDREN'S EDUCATION _eAUTHOR |
||
| 245 | _aNature Observation | ||
| 260 |
_bChildren's education _c2002 |
||
| 300 |
_a29 pages _bcolour illustration |
||
| 942 |
_2ddc _cNFIC |
||